|
|
|
|
| LEADER |
03716nam a22004935i 4500 |
| 001 |
978-3-319-10253-5 |
| 003 |
DE-He213 |
| 005 |
20151204145913.0 |
| 007 |
cr nn 008mamaa |
| 008 |
141114s2015 gw | s |||| 0|eng d |
| 020 |
|
|
|a 9783319102535
|9 978-3-319-10253-5
|
| 024 |
7 |
|
|a 10.1007/978-3-319-10253-5
|2 doi
|
| 040 |
|
|
|d GrThAP
|
| 050 |
|
4 |
|a RB1-214
|
| 072 |
|
7 |
|a MMF
|2 bicssc
|
| 072 |
|
7 |
|a MED067000
|2 bisacsh
|
| 082 |
0 |
4 |
|a 616.07
|2 23
|
| 100 |
1 |
|
|a Lopez-Beltran, Antonio.
|e author.
|
| 245 |
1 |
0 |
|a Rare Tumors and Tumor-like Conditions in Urological Pathology
|h [electronic resource] /
|c by Antonio Lopez-Beltran, Carmen L. Menendez, Rodolfo Montironi, Liang Cheng.
|
| 264 |
|
1 |
|a Cham :
|b Springer International Publishing :
|b Imprint: Springer,
|c 2015.
|
| 300 |
|
|
|a XI, 437 p. 490 illus. in color.
|b online resource.
|
| 336 |
|
|
|a text
|b txt
|2 rdacontent
|
| 337 |
|
|
|a computer
|b c
|2 rdamedia
|
| 338 |
|
|
|a online resource
|b cr
|2 rdacarrier
|
| 347 |
|
|
|a text file
|b PDF
|2 rda
|
| 505 |
0 |
|
|a Kidney: Benign Tumors -- Renal cell carcinoma -- Familial Kidney cancer.-Metanephric Tumors -- Nephroblastic Tumors -- Mesenchymal Tumors -- Mixed Mesenchymal and Epithelial Tumors -- Neuroendocrine Tumors -- Hematologic Tumors -- Other Rare Tumors -- Secondary Tumors -- Tumor-Like Conditions -- Urinary Bladder: Flat Urothelial Lesions with Atypia -- Benign Tumors -- Papillary urothelial neoplasia, non-invasive (stage pTa) -- Urothelial Carcinoma, invasive -- Adenocarcinoma -- Squamous Cell Carcinoma -- Mesenchymal Lesions -- Paraganglioma and other Tumors -- Secondary tumors -- Tumor-like conditions, Renal pelvis, Ureter, Urethra -- Prostate: Premalignant lesions -- Prostate Cancer -- Mesenchymal Tumors -- Other rare tumors -- Secondary tumors -- Tumor-like conditions -- Seminal vesicle -- Testis and paratesticular structures -- Germ cell tumors -- Sex cord/gonadal stromal tumors -- Hematologic tumors -- Tumors of paratesticular structures -- Secondary tumors -- Tumor-like conditions -- Penis and scrotum: Preneoplastic lesions -- Carcinoma of the penis -- Mesenchymal tumors -- Secondary tumors -- Tumor-like conditions.
|
| 520 |
|
|
|a This book is a comprehensive guide to rare tumors and tumor-like conditions of the urinary system and male genital organs. It comprises five chapters, devoted to the kidney, bladder, prostate, testes, and penis. Each chapter begins with a brief overview of “common” tumors and tumor-like conditions and with a section on the classification of both common and rare entities. The main clinical, pathological, immunohistochemical, and molecular findings for each rare tumor or tumor-like condition are then described and discussed. Significant characteristics are also documented by representative high-quality illustrations, with emphasis on those aspects of most relevance to differential diagnosis. In addition, prognostic features are fully covered. Urological Pathology: Rare Tumors and Tumor-Like Conditions will be ideal source of core information and practical guidance for residents, fellows, pathologists, urologists, and oncologists.
|
| 650 |
|
0 |
|a Medicine.
|
| 650 |
|
0 |
|a Oncology.
|
| 650 |
|
0 |
|a Pathology.
|
| 650 |
|
0 |
|a Urology.
|
| 650 |
1 |
4 |
|a Medicine & Public Health.
|
| 650 |
2 |
4 |
|a Pathology.
|
| 650 |
2 |
4 |
|a Urology.
|
| 650 |
2 |
4 |
|a Oncology.
|
| 700 |
1 |
|
|a Menendez, Carmen L.
|e author.
|
| 700 |
1 |
|
|a Montironi, Rodolfo.
|e author.
|
| 700 |
1 |
|
|a Cheng, Liang.
|e author.
|
| 710 |
2 |
|
|a SpringerLink (Online service)
|
| 773 |
0 |
|
|t Springer eBooks
|
| 776 |
0 |
8 |
|i Printed edition:
|z 9783319102528
|
| 856 |
4 |
0 |
|u http://dx.doi.org/10.1007/978-3-319-10253-5
|z Full Text via HEAL-Link
|
| 912 |
|
|
|a ZDB-2-SME
|
| 950 |
|
|
|a Medicine (Springer-11650)
|